Η Στάση των Επιχειρήσεων της Ελληνικής Αγοράς Απέναντι στην Εκπαίδευση του Προσωπικού τους κατά τη Διάρκεια της Οικονομικής Κρίσης στην Ελλάδα (Record no. 8620)
[ view plain ]
| 000 -LEADER | |
|---|---|
| fixed length control field | 01928cam a22001934a 4500 |
| 005 - ΗΜΕΡΟΜΗΝΙΑ ΚΑΙ ΩΡΑ ΤΕΛΕΥΤΑΙΑΣ ΕΝΗΜΕΡΩΣΗΣ | |
| Πεδίο ελέγχου | 20250605164341.0 |
| 008 - FIXED-LENGTH DATA ELEMENTS--GENERAL INFORMATION | |
| Πεδίο ελέγχου σταθερού μήκους | 250528s ||||||||||||||||||||||||d |
| 035 ## - SYSTEM CONTROL NUMBER | |
| System control number | 23620 |
| 040 ## - ΠΗΓΗ ΚΑΤΑΛΟΓΟΓΡΑΦΗΣΗΣ | |
| Φορέας πρωτότυπης καταλογογράφησης | MC Athens Campus Library |
| Γλώσσα καταλογογράφησης | Ελληνικά, Μοντέρνα (1453-) |
| Modifying agency | MC Athens Campus Library |
| Κανόνες περιγραφικής καταλογογράφησης | AACR2 |
| 245 1# - ΤΙΤΛΟΣ ΚΑΙ ΔΗΛΩΣΗ ΥΠΕΥΘΥΝΟΤΗΤΑΣ | |
| Τίτλος | Η Στάση των Επιχειρήσεων της Ελληνικής Αγοράς Απέναντι στην Εκπαίδευση του Προσωπικού τους κατά τη Διάρκεια της Οικονομικής Κρίσης στην Ελλάδα |
| 260 ## - PUBLICATION, DISTRIBUTION, ETC. | |
| Date of publication, distribution, etc. | 2017 |
| 300 ## - PHYSICAL DESCRIPTION | |
| Extent | 154 |
| 520 ## - SUMMARY, ETC. | |
| Summary, etc. | Εισαγωγή, Οικονομική Κρίση - Παγκόσμια και Ελληνική, Παγκόσμια Οικονομική Κρίση, Ελληνική Οικονομική Κρίση, Στρατηγική, Τι Είναι Στρατηγική, Επιχειρηματική Στρατηγική, Η Αναγκαιότητα της Στρατηγικής, Ανάπτυξη Στρατηγικών Τομέων σε Περίοδο Ύφεσης, Διοίκηση Ανθρωπίνων Πόρων, Τι Είναι Διαχείριση Ανθρώπινου Δυναμικού, Η Σημασία της Διοίκηση Ανθρωπίνων Πόρων, Τομείς της Διοίκηση Ανθρωπίνων Πόρων, Εκπαίδευση Ανθρώπινου, Δυναμικού, Η Έννοια της Εκπαίδευσης, Η Αναγκαιότητα της Εκπαίδευσης, Εκπαιδευτικός Προγραμματισμός, Διαχείριση Ανθρώπινου Δυναμικού και Οικονομική Ύφεση, Απώλυση Προσωπικού, Διατήρηση Στελςεχών - Ταλέντων, Έρευνα, Συμπεράσματα, Επίλογος. |
| 700 1# - ΠΡΟΣΘΕΤΗ ΑΝΑΓΡΑΦΗ--ΦΥΣΙΚΟ ΠΡΟΣΩΠΟ | |
| Personal name | Μαρκάκη Ευαγγελία |
| 9 (RLIN) | 5539 |
| 700 1# - ΠΡΟΣΘΕΤΗ ΑΝΑΓΡΑΦΗ--ΦΥΣΙΚΟ ΠΡΟΣΩΠΟ | |
| Personal name | Τσιαμπαλή Ελένη |
| 9 (RLIN) | 9210 |
| 942 ## - ADDED ENTRY ELEMENTS (KOHA) | |
| Koha item type | Διπλωματική εργασία |
| Τύπος τεκμηρίου | Βιβλιοθήκη | Τρέχουσα τοποθεσία | Barcode | Ημερομηνία απόκτησης | Ταξιθετικό σύμβολο | Αριθμός αντιτύπου | Κατάσταση απόσυρσης | Κατάσταση χαμένου | Κατάσταση κατεστραμμένου | Μη δανεισμός | Σύνολο δανεισμών | Ημερομηνία τελευταίας εμφάνισης | Η τιμή ισχύει από |
|---|---|---|---|---|---|---|---|---|---|---|---|---|---|
| Διπλωματική εργασία | MC Athens Campus Library | MC Athens Campus Library | 9780000086198 | 05/06/2025 | BUS 2017 (7) | 1 | 05/06/2025 | 05/06/2025 |